ភូមិខ្ញុំ / (Record no. 1156)

MARC details
000 -LEADER
fixed length control field 01073nam a22002777a 4500
005 - DATE AND TIME OF LATEST TRANSACTION
control field 20230808103847.0
020 ## - INTERNATIONAL STANDARD BOOK NUMBER
International Standard Book Number 9789924341031
040 ## - CATALOGING SOURCE
Original cataloging agency FISKH
Language of cataloging eng
Transcribing agency FISKH
Modifying agency FISKH
082 ## - DEWEY DECIMAL CLASSIFICATION NUMBER
Classification number 974.4
100 ## - MAIN ENTRY--PERSONAL NAME
Personal name Haly, Kan
245 ## - TITLE STATEMENT
Title ភូមិខ្ញុំ /
246 ## - VARYING FORM OF TITLE
Title proper/short title My village
260 ## - PUBLICATION, DISTRIBUTION, ETC.
Place of publication, distribution, etc. Phnom Penh :
Name of publisher, distributor, etc. Sipar,
Date of publication, distribution, etc. 2021.
300 ## - PHYSICAL DESCRIPTION
Extent 16 unnumbered pages :
Other physical details color illustrations ;
Dimensions 17 cm
505 ## - FORMATTED CONTENTS NOTE
Formatted contents note aa
520 ## - SUMMARY, ETC.
Summary, etc. កុមារតូចនឹងបានរៀនពីពាក្យដំបូងនៃអ្វើដែលមានជុំវិញពួកគេអមជាមួយរូបភាពពណ៍ផ្សេងៗ។​
520 ## - SUMMARY, ETC.
Summary, etc. Basic vocabulary of pictures around us with painted pictures are introduced to young children.
521 ## - TARGET AUDIENCE NOTE
Target audience note 10 <br/>
Source Lexile estimate
521 ## - TARGET AUDIENCE NOTE
Target audience note aa <br/>
Source Raz-Plus <br/>
650 ## - SUBJECT ADDED ENTRY--TOPICAL TERM
Topical term or geographic name entry element ភូមិ
Form subdivision រូបភាព
650 ## - SUBJECT ADDED ENTRY--TOPICAL TERM
Topical term or geographic name entry element Village
Form subdivision Pictures
700 ## - ADDED ENTRY--PERSONAL NAME
Personal name Visoth, Seng
Titles and other words associated with a name illustrator
942 ## - ADDED ENTRY ELEMENTS (KOHA)
Source of classification or shelving scheme Dewey Decimal Classification
Koha item type Books
Suppress in OPAC No
999 ## -
-- 1156
-- 1156
Holdings
Withdrawn status Lost status Source of classification or shelving scheme Damaged status Not for loan Collection Home library Current library Shelving location Date acquired Total Checkouts Full call number Barcode Date last seen Date last checked out Copy number Price effective from Koha item type
    Dewey Decimal Classification     Khmer-English Bilingual / ភាសាខ្មែរ-អង់គ្លេស Footprints International School Library Network Toul Kork Campus Footprints International School Library Network Toul Kork Campus TK Campus, Room B402, Khmer Book Case 16, Shelves 112-123 / ទូរសៀវភៅខ្មែរលេខ ១៦​ ធ្នើរ ១១២ ដល់ ១២៣ បន្ទប់ B402 សាខាទួលគោក 08/04/2023 2 HAL 974.4 2023-0183 01/05/2026 11/10/2025 1 08/04/2023 Books
    Dewey Decimal Classification     Khmer-English Bilingual / ភាសាខ្មែរ-អង់គ្លេស Footprints International School Library Network Toul Kork Campus Footprints International School Library Network Toul Kork Campus TK Campus, Room B402, Khmer Book Case 16, Shelves 112-123 / ទូរសៀវភៅខ្មែរលេខ ១៦​ ធ្នើរ ១១២ ដល់ ១២៣ បន្ទប់ B402 សាខាទួលគោក 08/04/2023   HAL 974.4 2023-0184 08/04/2023   2 08/04/2023 Books